Sổ tay địa danh Việt Nam
Cung cấp tài liệu tra cứu về vị trí địa danh Việt Nam trên bản đồ phù hợp với địa danh sách giáo khoa địa lý như: Địa danh về các đối tượng địa lý tự nhiên, địa danh về các đơn vị hành chính và các địa danh cần ghi nhớ về mặt lịch sử,...
Đã lưu trong:
| 主要作者: | |
|---|---|
| 格式: | 图书 |
| 语言: | Undetermined |
| 出版: |
Hà Nội
Giáo Dục
2000
|
| 主题: | |
| 标签: |
添加标签
没有标签, 成为第一个标记此记录!
|
| Thư viện lưu trữ: | Trung tâm Học liệu Trường Đại học Cần Thơ |
|---|
| LEADER | 01016nam a2200217Ia 4500 | ||
|---|---|---|---|
| 001 | CTU_41510 | ||
| 008 | 210402s9999 xx 000 0 und d | ||
| 020 | |c 24500 | ||
| 082 | |a 915.97 | ||
| 082 | |b D557/2000 | ||
| 100 | |a Nguyễn, Dược | ||
| 245 | 0 | |a Sổ tay địa danh Việt Nam | |
| 245 | 0 | |c Nguyễn Dược, Trung Hải | |
| 260 | |a Hà Nội | ||
| 260 | |b Giáo Dục | ||
| 260 | |c 2000 | ||
| 520 | |a Cung cấp tài liệu tra cứu về vị trí địa danh Việt Nam trên bản đồ phù hợp với địa danh sách giáo khoa địa lý như: Địa danh về các đối tượng địa lý tự nhiên, địa danh về các đơn vị hành chính và các địa danh cần ghi nhớ về mặt lịch sử, du lịch,.... | ||
| 650 | |a Vietnam,Names, geographicalvietnam | ||
| 650 | |x Description and travel,Description and travel | ||
| 904 | |i Minh | ||
| 980 | |a Trung tâm Học liệu Trường Đại học Cần Thơ | ||